|
|
|
|
| LEADER |
00000ny a22000003n 4500 |
| 005 |
20110621113035.0 |
| 008 |
100806s2010 sp 000 0 spa d |
| 020 |
|
|
|a 9789788497684
|
| 035 |
|
|
|a 2820
|
| 040 |
|
|
|a BUS
|d vLex
|
| 080 |
|
|
|a 347.736
|x (460)
|
| 090 |
|
|
|c 919
|d 919
|
| 100 |
1 |
|
|a Vz̀quez Iruzubieta, Carlos
|
| 245 |
1 |
0 |
|a Comentarios a la Ley Concursal
|h [Recurso electrn̤ico]
|c Carlos Vz̀quez Iruzubieta
|
| 256 |
|
|
|a Servicio en ln̕ea
|
| 260 |
|
|
|a Barcelona :
|b vLex,
|c 2010
|
| 506 |
1 |
|
|a Contenido solo disponible en los productos indicados
|d vLex Global
|d vLex Global (Academic Edition, excluding Law Schools)
|d vLex Global (U.S. Academic Edition, Law Schools)
|d vLex Global (U.S. Academic Edition, excluding Law Schools)
|d vLex Global (Academic Edition, Law Schools)
|
| 650 |
0 |
7 |
|a Ley concursal
|2 Tesauro vLex
|
| 650 |
0 |
7 |
|a Concursos
|2 Tesauro vLex
|
| 650 |
0 |
7 |
|a Derecho concursal
|2 Tesauro vLex
|
| 650 |
0 |
7 |
|a Normativa general del procedimiento concursal
|2 Tesauro vLex
|
| 710 |
1 |
2 |
|a Espaą.
|t Ley concursal, 2003
|
| 740 |
0 |
|
|a vLex Libros (Servicios en ln̕ea)
|
| 856 |
4 |
0 |
|u http://vlex.com/source/2820
|z Acceso restringido
|
| 942 |
|
|
|c BOOK
|